Регионална библиотека "Любен Каравелов" - Русе

Ростик и Кеша (Запис номер 148550)

MARC детайли
000 -Лидер
Контролно поле с фиксирана дължина nam a22 a 4500
003 - Код на организацията, давaща контролен номер
Контролно поле BLK
005 - Дата и час на последна редакция
Контролно поле 20230202113657.0
008 - Елементи от данни с фиксирана дължина
fixed length control field 180410b bul|||||r ||||||| ||bul||
010 ## - Наследен системен номер
LC control number KNG00154773000
040 ## - Източник на каталожния запис
Идентификатор на билиотеката - собственик на записа BLK
041 ## - Код за език
Код за езика на текст/звукозапис или на отделно заглавие Български
Код за езика КДБФ Български
080 ## - УДК
Текстов определител УДК Руска литература
УДК код - определител по УДК 821.161.1
УДК определител -93-32
УДК - код + определител 821.161.1-93-32
100 1# - Редна дума - Автор
Автор Токмакова, Ирина Петровна
Авторска отговорност първи автор
R(LIN) 327724
139 ## - Редно поле
Редна дума Токмакова, Ирина Петровна
Авторски знак Тои - Т 65
245 10 - Сведения за заглавието
Заглавие Ростик и Кеша
Подзаглавни данни Повест : За предучилищна възраст
Редно поле (дума) Ирина Петровна Токмакова; прев. от рус. Елка Петрова Хаджиева; худож. Ани Филипова Ралчева.
257 ## - Страна на издаване
Страна на създаване/издаване СССР
260 ## - Област на издателските данни
Място на издаване, разпространение и проч. София
Име на издателя, разпространителя и проч. Нар. младеж
Година на издаване 1976
300 ## - Физическа характеристика
Страници 64 с.
Илюстрации и др. с ил.
Размери/Мащаб 24 см
380 ## - Жанр
Жанр Детска худож. лит.
500 ## - Общи забележки
Забележка Ориг. загл. Ростик и Кеша. - 100 137 тир.
700 1# - Други автори (авторска отговорност)
Лично име Хаджиева, Елка Петрова
Автороска отговорност (Описва отношението между автора и произведението) прев. от рус.
9 (RLIN) 377718
700 1# - Други автори (авторска отговорност)
Лично име Ралчева, Ани Филипова
Автороска отговорност (Описва отношението между автора и произведението) худож.
9 (RLIN) 326969
852 ## - Местоположение
Форматна сигнатура Цб 265818
856 4# - Електронен адрес и достъп
Електронен формат pdf - файл
Инструкция (цена за достъп) 0.00
Права за достъп disable
856 4# - Електронен адрес и достъп
Електронен формат pdf - файл
Инструкция (цена за достъп) 0.00
Права за достъп disable
999 ## - СИСТЕМНИ КОНТРОЛНИ НОМЕРА
Koha biblionumber 148550
Koha biblioitemnumber 148550
942 ## - АРТИКУЛИ
Вид на библиотечния материал Книги
Скрит в OPAC Не
Периодичен библиозапис Да
944 ## - СЪЗДАВАНЕ И РЕДАКЦИЯ на ЗАПИСА
Създаване/Редакция Създаване
Дата на регистрацията/редакция 16.12.2013
Статус, дата на статуса 16.12.2013 - от С1,Р / 16.12.2013
Служител, извършил регистрацията/редакцията Даниел_Канатов
944 ## - СЪЗДАВАНЕ И РЕДАКЦИЯ на ЗАПИСА
Създаване/Редакция Редакция
Дата на регистрацията/редакция 21.09.2017
Статус, дата на статуса 16.12.2013 - от С1,Р / 16.12.2013
Служител, извършил регистрацията/редакцията Кети_Илиева
999 ## - СИСТЕМНИ КОНТРОЛНИ НОМЕРА
Koha biblioitemnumber 148550
Наличности
Код за отписване Код за изгубен артикул Източник на класификационната схема Код за повреда Коз за рестрикции Код за отдаване Артикулен № Име на библиотеката - собственик Име на библиотеката, в която се намира в момента Статус (Текущо местоположение) Дата на вписване в системата Местоположение - отдел Цена в лева Инвентарен номер Систематично азбучна сигнатура Баркод Номер на екземпляра Цена в евро Служебна бележка Служебен тип на артикула Бележка за публиката
  Не е изгубен Universal Decimal Classification Не е повреден без рестрикции ползва се в читалня 247275 Регионална библиотека "Любен Каравелов" Русе Регионална библиотека "Любен Каравелов" Русе Хранилище 1976-01-01 Хранилище 0.45 205772 Цб 265818 120000205772 1 0.23 Дост: Dp Вид: Д N: стар фонд Дата: 01.01.1976 Книги  
Изтеглен Не е изгубен   Не е повреден без рестрикции заемане за дома 247276 Регионална библиотека "Любен Каравелов" Русе Регионална библиотека "Любен Каравелов" Русе   1976-01-01 Детски отдел 0.45 210127 ДХ 820/899/ Т 65 210127 2 0.23 Дост: Dp Вид: Ф N: стар фонд Дата: 01.01.1976 Дата инв: 30.09.2015 Бележки инв: Д2015 Книги Отч.N: 35/2017 , Дата: 05.09.2017
  Не е изгубен Universal Decimal Classification Не е повреден без рестрикции заемане за дома 247277 Регионална библиотека "Любен Каравелов" Русе Регионална библиотека "Любен Каравелов" Русе Детски отдел 1976-01-01 Детски отдел 0.45 210129 ДХ 820/899/ Т 65 120000210129 3 0.23 Дост: Dp Вид: Ф N: стар фонд Дата: 01.01.1976 Дата инв: 11.08.2015 Бележки инв: Д2015 Книги  
Изтеглен Не е изгубен   Не е повреден без рестрикции заемане за дома 247278 Регионална библиотека "Любен Каравелов" Русе Регионална библиотека "Любен Каравелов" Русе   1976-01-01 Детски отдел 0.45 566910 ДХ 820/899/ Т 65 566910 4 0.23 Дост: Pk Вид: Ф N: стар фонд Дата: 01.01.1976 Дата инв: 30.09.2015 Бележки инв: Д2015 Книги Отч.N: 35/2017 , Дата: 05.09.2017
Vip Innovations Ltd, Rousse, Bulgaria 2025